00265nam a2200109Ia 4500008004100000100002100041245003900062260001800101650001200119942000700131999001700138190216s9999||||xx |||||||||||||| ||und|| aGopala Pilla K N 0aMalayalam-Kesaveeyam Oru Aswadanam bCurrent Books aKavitha cBK c24651d24651